00637nam a2200181Ia 4500952013100000999001700131003000400148005001700152008004100169040000900210082001800219100003300237245004800270260006600318300000900384650002000393942004200413 00102ddc40708ISLAMaMESbMEScISLd2019-02-20g130.00l0o297.09 NAD/Ip34664r2019-02-20 00:00:00w2019-02-20yBKzGL49R3 c22777d22777OSt20200323122258.0190216s9999||||xx |||||||||||||| ||und|| coclc a297.09bNAD/I aNadwi, Abul Hasan Ali 92085 0aIslam And The World /cAbul Hasan Ali Nadwi bAcademy Of Islamic Research And Publication,c2009.aLucknow: a270p aIslamic History cBK2ddch297.09iNAD/Ik297.09mNAD/I